| 000 | 00442nam a2200181 a 4500 | ||
|---|---|---|---|
| 005 | 20210219153128.0 | ||
| 008 | 991125n 000 0 u | ||
| 035 | _aUPN01000079173 | ||
| 100 | _aCOSTA JOU, Ramon | ||
| 222 | _aRUMBOS | ||
| 245 | _aEl Faro : diario escolar | ||
| 300 | _a15-17 | ||
| 362 | _a1955 4, no. 19 nov. | ||
| 653 | 0 | _aPERIODICOS | |
| 653 | 0 | _aPUBLICACIONES ESCOLARES | |
| 904 |
_aAC _b016984 |
||
| 905 | _aArticulo | ||
| 999 |
_c68958 _d68958 |
||